Dante's divine comedy: (Record no. 1465225)

MARC details
000 -LEADER
fixed length control field 00774 a2200241 4500
005 - DATE AND TIME OF LATEST TRANSACTION
control field 20251217163131.0
008 - FIXED-LENGTH DATA ELEMENTS--GENERAL INFORMATION
fixed length control field 251217b |||||||| |||| 00| 0 eng d
020 ## - INTERNATIONAL STANDARD BOOK NUMBER
International Standard Book Number 978-0-691-15677-4
037 ## - SOURCE OF ACQUISITION
Terms of availability TB
040 ## - CATALOGING SOURCE
Original cataloging agency AL
Transcribing agency AL
041 ## - LANGUAGE CODE
Source of code eng
Language code of text/sound track or separate title eng
084 ## - COLON CLASSIFICATION NUMBER
Classification number O121,1G65w 111R4
Assigning agency AL
100 ## - MAIN ENTRY--PERSONAL NAME
Personal name Luzi, Joseph
9 (RLIN) 850652
245 ## - TITLE STATEMENT
Title Dante's divine comedy:
Remainder of title a biography
260 ## - PUBLICATION, DISTRIBUTION, ETC.
Place of publication, distribution, etc. Princeton, US:
Name of publisher, distributor, etc. Princeton University Press,
Date of publication, distribution, etc. 2024.
300 ## - PHYSICAL DESCRIPTION
Extent 218p.
365 ## - TRADE PRICE
Price amount 24.95
Currency code USD
650 ## - SUBJECT ADDED ENTRY--TOPICAL TERM
Topical term or geographic name entry element Italian Literature
9 (RLIN) 857641
650 ## - SUBJECT ADDED ENTRY--TOPICAL TERM
Topical term or geographic name entry element Italian Poetry
9 (RLIN) 857642
650 ## - SUBJECT ADDED ENTRY--TOPICAL TERM
Topical term or geographic name entry element Biography
9 (RLIN) 857643
942 ## - ADDED ENTRY ELEMENTS (KOHA)
Koha item type Textbook
Source of classification or shelving scheme Colon Classification (CC)
Suppress in OPAC No
Classification part O121,1G65w 111R4
Holdings
Withdrawn status Lost status Source of classification or shelving scheme Damaged status Not for loan Home library Current library Date acquired Source of acquisition Cost, normal purchase price Inventory number Total Checkouts Full call number Barcode Date last seen Cost, replacement price Price effective from Koha item type
    Colon Classification (CC)     Arts Library Arts Library 2025-12-17 Elite Publishers Distributors 1765.46 15111& 19/11/2025   O121,1G65w 111R4 AL1805007 2025-11-25 2206.83 2025-11-25 Textbook
Copyright @ Delhi University Library System